[Event "Villa Ballester op 73rd"]
[Site "Buenos Aires"]
[Date "2024.01.26"]
[Round "7"]
[White "Garcia Achilli, Gustavo"]
[Black "Gras, Carlos"]
[Result "0-1"]
[WhiteElo "1156"]
[BlackElo "1794"]
[PlyCount "58"]
[EventDate "2024.01.19"]
[EventType "swiss"]
[EventRounds "9"]
[EventCountry "ARG"]
[SourceTitle "CB06_2024"]
[SourceDate "2024.02.07"]
[SourceVersion "1"]
[SourceVersionDate "2024.02.07"]
[SourceQuality "1"]

1. e4 e6 2. d4 d5 3. Nc3 Bb4 4. Nge2 Ba5 5. Bd2 Nf6 6. e5 Nfd7 7. g3 c5 8. Nb5 Bxd2+ 9. Qxd2 0-0 10. f4 Nc6 11. 0-0-0 cxd4 12. Nexd4 Qb6 13. a3 Nc5 14. Nxc6 bxc6 15. Nd4 Rb8 16. Qb4 Bd7 17. Qxb6 Rxb6 18. g4 Ne4 19. Rg1 c5 20. Nb3 c4 21. Nd4 Rfb8 22. b3 a5 23. Kb2 Nc5 24. Rg3 Ba4 25. Ka2 cxb3+ 26. cxb3 Nxb3 27. Nxb3 Bxb3+ 28. Rxb3 Rxb3 29. Rb1 Rxb1 0-1

[Event "Villa Ballester op 73rd"]
[Site "Buenos Aires"]
[Date "2024.01.20"]
[Round "3"]
[White "Garcia Achilli, Gustavo"]
[Black "Schemper, Alejandro"]
[Result "0-1"]
[WhiteElo "1156"]
[BlackElo "1629"]
[PlyCount "84"]
[EventDate "2024.01.19"]
[EventType "swiss"]
[EventRounds "9"]
[EventCountry "ARG"]
[SourceTitle "CB06_2024"]
[SourceDate "2024.02.07"]
[SourceVersion "1"]
[SourceVersionDate "2024.02.07"]
[SourceQuality "1"]

1. e4 d5 2. exd5 Nf6 3. Nc3 e6 4. Bb5+ Bd7 5. Bxd7+ Qxd7 6. dxe6 fxe6 7. Nf3 Nc6 8. d4 0-0-0 9. Be3 Bb4 10. 0-0 Rhe8 11. Ne5 Nxe5 12. dxe5 Bxc3 13. Qxd7+ Nxd7 14. bxc3 Nxe5 15. Bd4 Ng4 16. f4 Nf6 17. Rad1 Rd7 18. Rd3 Nd5 19. Be5 g6 20. Rf2 c5 21. c4 Nb6 22. Rxd7 Kxd7 23. Rd2+ Kc8 24. Rd3 Nxc4 25. Rc3 Nxe5 26. fxe5 b6 27. Rf3 Re7 28. Kf2 Kc7 29. Ke2 c4 30. Ra3 Kc6 31. Rf3 Kd5 32. Rf4 b5 33. Ke3 Kxe5 34. Re4+ Kd5 35. Rd4+ Kc5 36. c3 e5 37. Rd8 Re6 38. Ke4 Ra6 39. Rd5+ Kc6 40. Kxe5 Rxa2 41. Rd6+ Kc7 42. Kd5 Rd2+ 0-1